Normal view
MARC view
- Dagdag, Lourdes A.
Entry Personal Name
001 - CONTROL NUMBER
- control field: 3043
003 - CONTROL NUMBER IDENTIFIER
- control field: URS
005 - DATE AND TIME OF LATEST TRANSACTION
- control field: 20221124094610.0
008 - FIXED-LENGTH DATA ELEMENTS
- fixed length control field: 221124|| aca||aabn | a|a d
040 ## - CATALOGING SOURCE
- Original cataloging agency: URS
100 ## - HEADING--PERSONAL NAME
- Personal name: Dagdag, Lourdes A.
- Relator term: author